How India Votes: A State-by-State Look (Record no. 176316)

MARC details
000 -LEADER
fixed length control field 00879nam a22002057a 4500
005 - DATE AND TIME OF LATEST TRANSACTION
control field 20201215112000.0
010 ## - LCCN (DPL NO)
LC control number ENG-128657
020 ## - INTERNATIONAL STANDARD BOOK NUMBER
International Standard Book Number 978-93-5287-461-3
Terms of availability 1545.00
035 ## - SYSTEM CONTROL NUMBER
System control number EN-112189
037 ## - SOURCE OF ACQUISITION
Source of stock number/acquisition DBAD/PUB
082 ## - DEWEY DECIMAL CLASSIFICATION NUMBER
Classification number 324.0954
100 ## - MAIN ENTRY--PERSONAL NAME
Personal name
245 ## - TITLE STATEMENT
Title How India Votes: A State-by-State Look
Statement of responsibility, etc edited by Ashutosh Kumar and Yatindra Singh Sisodia
260 ## - PUBLICATION, DISTRIBUTION, ETC. (IMPRINT)
Place of publication, distribution, etc Telangana
Name of publisher, distributor, etc Orient Blackswan Private Limited
Date of publication, distribution, etc 2019
270 ## - ADDRESS
City Telangana
Postal code 500029
Address 3-6-752, Himayatnagar, Hyderabad
Electronic mail address info@orientblackswan.com
300 ## - PHYSICAL DESCRIPTION
Extent xxiv+443p.
Dimensions 22cm(hbk)
Other physical details including index.
700 ## - ADDED ENTRY--PERSONAL NAME
Personal name Kumar, Ashutosh , Ed.
700 ## - ADDED ENTRY--PERSONAL NAME
Personal name Sisodia, Yatindra Singh, Ed.
942 ## - ADDED ENTRY ELEMENTS (KOHA)
Source of classification or shelving scheme Dewey Decimal Classification
Item type English Books
Classification part 324.0954
Call number suffix HOW
Holdings
Withdrawn status Lost status Not for loan Collection code Home library Current library Date acquired Source of acquisition Cost, normal purchase price Full call number Barcode Copy number Cost, replacement price Koha item type
      Non-fiction Ashok Vihar Ashok Vihar 15/12/2020 DBAD/PUB 1545.00 324.0954 HOW EN-112189 1 1545.00 English Books

© Delhi Public Library
Hit Counter
free hit counter